KOHA-Header-6

Desert Warrior (Record no. 10028)

000 -LEADER
fixed length control field 00251nam a2200109Ia 4500
100 ## - MAIN ENTRY--AUTHOR NAME
Personal name HRH General Khaled
245 #0 - TITLE STATEMENT
Title Desert Warrior
260 ## - PUBLICATION, DISTRIBUTION, ETC. (IMPRINT)
Place of publication India
Name of publisher Oxford
Year of publication 2007
300 ## - PHYSICAL DESCRIPTION
Number of Pages 888
942 ## - ADDED ENTRY ELEMENTS (KOHA)
Koha item type Books
Holdings
Withdrawn status Lost status Collection code Permanent Location Current Location Shelving location Date acquired Full call number Accession Number Koha item type
    English Literature MAJU MAJU Shelf No.A14 2019-09-14 956.704 6108 English Literature

Powered by Koha